LEADER 01060nam a2200217 i 4500 001 000000178231 003 CaOOAMICUS 005 20090313000000.0 008 090313s1910 it u000 u lat u 013 $a155800 040 $aSeMil$bita 100 1 $aVarro, Marcus Terentius,$d<116-27 a.C.>.$0(OLS)http://semarc/name/53909 245 13$aDe lingua latina quae supersunt :$baccedunt grammaticorum Varronis librorum fragmenta /$cM. Terenti Varronis ; recensuerunt Georgius Goetz et Fridericus Schoell. 260 $aLipsiae :$bIn aedibus B. G. Teubneri,$c1910. 300 $aLIV, 340 p. ;$c24 cm. 700 1 $aSchöll, Fritz <1766-1833>.$0(OLS)http://semarc/name/90289 700 1 $aGötz, Georg.$0(OLS)http://semarc/name/66262 850 $aSeMil 852 $aSeMil$W1$xVenegono$y1$m1X VI 84$j129016$B129016$CSeMilBibl$Z2$F140147 $81 996 $6245$aDe lingua latina quae supersunt :$baccedunt grammaticorum Varronis librorum fragmenta$9(OLS)http://semarc/title/255969 996 $6260$aLipsiae :$bIn aedibus B. G. Teubneri$9(OLS)http://semarc/publisher/36735 LEADER 00433naa a2200133 i 4500 001 000000320921 003 CaOOAMICUS 005 20180831173335.0 008 180831n it u000 u ita u 013 $a31140 040 $aSeMil$bita 245 10$aImmanenza e filosofia. 773 0 $tTecnofilosofia.$dMilano ; Udine : Mimesis, 2000.$kMillepiani$z88-8483-004-4$gp.157-166$w()221960 996 $6245$aImmanenza e filosofia$9(OLS)http://semarc/title/394479